000 00505nam a2200181Ia 4500
005 20250508152141.0
008 008 250505s9999 xx 000 0 eng d
037 _aTextual
040 _aFEDL
_beng
_cFEDL
041 _aeng
_2eng
084 _a808.7, BEN
_qFEDL
100 _aBentley Nicolas Ed.
_9760886
245 0 _aPick of punch: An annual selection
260 _aLondon, UK
_bAndre Deutsch Ltd.
_c1957
300 _a175p.
942 _cTEXL
_h808.7, BEN
999 _c1334587
_d1334587